000 00530nam a22001937a 4500
003 MPLRDC
005 20220104192424.0
008 210129b ||||| |||| 00| 0 eng d
020 _a978-957-13-5634-1
082 _a861.57 CSCS-41
100 _a村上春树
245 _a
_c张致斌 译; KAT MENSCHIK 绘
250 _a初版三刷
260 _a台湾
_b时报文化出版企业股份有限公司
_c2012
300 _b
490 _a蓝小说. 957
650 _a日本文学--小说
942 _cBK
_o861.57 CSCS-41
999 _c64712
_d64702